| 000 | 00903nam a22002297a 4500 | ||
|---|---|---|---|
| 003 | OSt | ||
| 005 | 20150408114117.0 | ||
| 008 | 130207s2011 ku ||||g b 00| 0 ara d | ||
| 020 | _a9789996667967 | ||
| 040 |
_aMU _bara |
||
| 082 | 0 | 4 |
_221 _a306.85019 _bر ب س |
| 100 | 1 |
_aالرشيدي، بشير صالح _913059 |
|
| 245 | 1 | 0 |
_aسيكولوجية الأسرة والوالدية / _cبشير صالح الرشيدي، إبراهيم محمد الخليفي. |
| 250 | _aط. 3. | ||
| 260 |
_aحولي، الكويت : _bإنجاز العالمية للنشر، _c2011. |
||
| 300 |
_a626 ص. ؛ _c24 سم. |
||
| 504 | _aيشتمل على إرجاعات ببليوجرافية. | ||
| 650 | 4 |
_aالأسرة _xجوانب نفسية. _921037 |
|
| 650 | 4 |
_aالعلاقات الأسرية _xجوانب نفسية. _921038 |
|
| 700 | 1 |
_aالخليفي، إبراهيم محمد _921039 |
|
| 942 |
_2ddc _cDVD |
||
| 999 |
_c27774 _d262274 |
||